Estatísticas para Morangos com Açúcar T6

Clique aqui para jogar o quiz

Estatísticas Gerais

  • Esse quiz foi jogado 44 vezes
  • A pontuação média é 8 de 15

Estatísticas das Respostas

HintResposta% Correto
Quem são os protagonistas?Madalena e Rodrigo
88%
Para onde vai viver o Carlos?Espanha
77%
Quem é que transmite na rádio?Kiko e Tó Zé
77%
O que é que eles restauram nas férias de verão?Teatro
73%
De que cidade é a Filipa?Porto
62%
Como se chama o diretor da escola?Manuel
58%
De que cidade é o Gonçalo?Algarve
54%
O que é que o Pedro fez á Catarina?Violação
54%
Qual o problema do António?Álcoolismo
50%
Onde é passada a série de verão?Portimão
46%
Qual é a doença da Catarina?Alopecia
42%
A protagonista salva o Mateus de que ?Assalto
38%
Qual a alcunha da professora Eunice?Raiz quadrada
35%
Como se chama a professora de história?Filomena
27%
Para que país ganha a Regina uma bolsa de estudo?Estados unidos
23%

Distribuição das Pontuações

Percentil de Números Respondidos

Porcentagem de Pessoas com Cada Pontuação

Sua Pontuação Histórica

Você não jogou esse quiz